Estudios 1986
Guardat en:
| Autor corporatiu: | |
|---|---|
| Format: | Llibre |
| Idioma: | espanyol |
| Publicat: |
Santiago
Sociedad Chilena de Derecho Internacional
1986
|
| Matèries: | |
| Etiquetes: |
Afegir etiqueta
Sense etiquetes, Sigues el primer a etiquetar aquest registre!
|
MARC
| LEADER | 00000nam a2200000 a 4500 | ||
|---|---|---|---|
| 001 | UCT9466 | ||
| 003 | CL-VaPUC | ||
| 008 | 970404e19860000CL |||||||||||||||||spa|d | ||
| 082 | 0 | 4 | |a 341 |b SOC |2 21 |
| 110 | 2 | |a Sociedad Chilena de Derecho Internacional |e author |9 382170 | |
| 245 | 1 | 0 | |a Estudios 1986 |
| 300 | |a 406 p | ||
| 942 | |c BK | ||
| 945 | |d 19970404 00:00:00 |a lriquelm | ||
| 260 | |a Santiago |b Sociedad Chilena de Derecho Internacional |c 1986 | ||
| 650 | 7 | |a DERECHO INTERNACIONAL PUBLICO |2 CL-VaPUC |9 382171 | |
| 650 | 7 | |a SISTEMAS INTERAMERICANO |2 CL-VaPUC |9 382172 | |
| 650 | 0 | |a Reuniones |9 310711 | |
| 650 | 0 | |a Jurisprudencia |9 255952 | |
| 583 | |a last modification |c 19970404 00:00:00 |k Rodrigo Vera | ||
| 999 | |c 257867 |d 257865 | ||
| 952 | |0 0 |1 0 |4 0 |6 341_000000000000000_SOC_1986 |7 0 |8 A |9 281567 |a BIBDER |b BIBDER |d 2019-11-19 |i 1821962 |o 341 SOC 1986 |p 1821962 |r 2023-01-25 |w 2019-11-19 |y BK |k DER | ||